|
|
|
|
| LEADER |
01982nam a2200529 a 4500 |
| 001 |
nkc20081830827 |
| 003 |
CZ PrNK |
| 005 |
20201130100759.0 |
| 007 |
ta |
| 008 |
091001s2008 xr a e 001 0 cze |
| 015 |
|
|
|a cnb001830827
|
| 020 |
|
|
|a 978-80-86858-66-1
|q (váz.)
|
| 035 |
|
|
|a (OCoLC)465267762
|
| 040 |
|
|
|a ABA001
|b cze
|
| 045 |
|
|
|a x1x1
|a x3x4
|
| 072 |
|
7 |
|a 623
|x Vojenská technika
|2 Konspekt
|9 19
|
| 080 |
|
|
|a 623.4
|2 MRF
|
| 080 |
|
|
|a 355.48(100)"1914/1918"
|2 MRF
|
| 080 |
|
|
|a 355.48(100)"1939/1945"
|2 MRF
|
| 080 |
|
|
|a (084.42)
|2 MRF
|
| 100 |
1 |
|
|a Dolínek, Vladimír,
|d 1935-
|7 jn20000400502
|4 aut
|
| 245 |
1 |
0 |
|a Zbraně I. a II. světové války /
|c Vladimír Dolínek, Vladimír Francev a Jan Šach
|
| 250 |
|
|
|a Vyd. 5.
|
| 260 |
|
|
|a Praha :
|b Aventinum,
|c 2008
|
| 300 |
|
|
|a 256 s. :
|b il. (převážně barev.) ;
|c 25 cm
|
| 490 |
1 |
|
|a Fotografické atlasy
|
| 500 |
|
|
|a Terminologický slovník
|
| 504 |
|
|
|a Obsahuje bibliografii a rejstřík
|
| 648 |
|
7 |
|a 1914-1918
|7 ch460644
|2 czenas
|
| 648 |
|
7 |
|a 1939-1945
|7 ch460653
|2 czenas
|
| 650 |
0 |
7 |
|a vojenské zbraně
|7 ph127206
|y 20. století
|2 czenas
|
| 650 |
0 |
7 |
|a první světová válka (1914-1918)
|7 ph126327
|2 czenas
|
| 650 |
0 |
7 |
|a druhá světová válka (1939-1945)
|7 ph117270
|2 czenas
|
| 650 |
0 |
9 |
|a military weapons
|y 20th century
|2 eczenas
|
| 650 |
0 |
9 |
|a World War (1914-1918)
|2 eczenas
|
| 650 |
0 |
9 |
|a World War (1939-1945)
|2 eczenas
|
| 655 |
|
7 |
|a atlasy
|7 fd131835
|2 czenas
|
| 655 |
|
9 |
|a atlases
|2 eczenas
|
| 700 |
1 |
|
|a Francev, Vladimír,
|d 1946-
|7 jn20001031023
|4 aut
|
| 700 |
1 |
|
|a Šach, Jan,
|d 1970-
|7 jn20001227296
|4 aut
|
| 830 |
|
0 |
|a Fotografické atlasy
|0 s
|
| 856 |
4 |
1 |
|u http://www.digitalniknihovna.cz/mzk/uuid/uuid:4a3fc340-059b-11e4-9789-005056827e52
|y Digitalizovaný dokument
|x NDK
|
| 910 |
2 |
|
|a BOA001
|b 2-1229.707
|
| 990 |
|
|
|a BK
|
| 995 |
|
|
|a 01
|
| 991 |
|
|
|b 200910
|c NOV
|j 623 DOL
|
| 996 |
6 |
|
|b 2610391903
|c 2-1229.707
|l MZK
|r Sklad / do 1 hodiny
|n 5
|p p.v.
|w 000967449
|u 000010
|a 1
|e BOA001
|j MZK50
|s P
|